000 02196cam a22004694i 4500
003 PE-LiUPU
005 20250731173136.0
008 150623s r 000 0 d
020 _a9966888373
035 _a(Sirsi) i9789966888372
040 _aPE-LiUPU
_bspa
_cPE-LiUPU
_erda
049 _aPRUA
082 0 4 _a241.096
_bM53
_221
245 0 0 _aMoral and ethical issues in African christianity /
_cJ.N.K. Mugambi, ed.
264 1 _aNairobi, Kenya :
_b1999.
300 _a233 páginas ;
_c21 centímetros
336 _atext
_2rdacontent
337 _aunmediated
_2rdamedia
338 _avolume
_2rdacarrier
490 0 _aAfrican christianity series ;
_v3
505 0 _aThe problems of teaching ethics in African Christianity. Social ethics: a christocentric perspective. The biblical mandate for social transformation: a feminist perspective. Material things in African society: implications for christianity ethics. Material things in comtemporary African society. African morality: past and present. Changing morals in Africa. Morality in public life. Tribalism as a moral problem in contemporary Africa. African women and morality. Child abuse and Neglect: an African moral question. Who is my neighbour? A Christian response to refugees and the displaced in Africa. Ammesty in Africa: ethical aberration or useful public policy instrument?. Aids and survival in Africa: a tentative reflection.
526 _aSEG42
526 _aSEG41
526 _aSEG40
526 _aSEG39
526 _aP94
526 _aP87
526 _aP86
526 _aP85
526 _aP77
526 _aP76
526 _aP35
650 0 4 _aCristianismo
_zAfrica.
650 0 4 _aEtica cristiana
_zAfrica.
700 1 _aMugambi, J.N.K.,
_eed.
942 _2ddc
_cBOOK
949 _a241.096 M53
_wDEWEY
_c1
_i52303
_lCCODEBUL1
_mBUL
_p5.00
_r0
_sY
_tBOOK
_u2015-6-24
_xTEOLOGIA
_PP35
_0COMPRA
_o.STAFF. Colección General
994 _aC0
_bPEPRU
596 _a1
999 _a241.096 M53
_wDEWEY
_c34122
_i52303
_f2021-11-10
_g6
_lCCODEBUL1
_mBUL
_p5.00
_r0
_sY
_tBOOK
_u2015-6-24
_xTEOLOGIA
_PP35
_0COMPRA
_o.STAFF. Colección General
_d34122
980 _81
_gALBERTO SANCHEZ Responsable de Automatización